000 00874nam a2200205 i 4500
001 141997
003 ES-MaACL
005 20230906200423.0
007 t|
008 071001s1968 sp ||||1| eng d
100 1 _aWaldren, William H.
_9115903
245 1 2 _aA nucleous for a Mallorca chronology of prehistory based on radiocarbon analysis
_b: a paper delivered before the Spanish X National archaeological congress in Mahón, Minorca... april 1967 /
_cby William H. Waldren & John S. Kopper.
260 _aDeyá :
_bArchaeological Museum,
_c[1968]
300 _a16 h., 6 lám. ;
_c23 cm.
651 4 _aMallorca-
_xRestos arqueológicos prehistóricos.
_99018
700 1 _aKopper, John S.
_968584
710 2 _aMuseo Arqueológico de Deyá.
_95822
711 2 _aCongreso Nacional de Arqueología (
_n10.
_d1967.
_cMahón)
_9512
852 _aES-MaACL
_jC-34360
_bR.65395
999 _c141997
_d141997